000 00750nam a2200229 a 4500
001 70630
003 BD-RjUL
005 20211209082025.0
008 170418s1973 nyua 001 0 eng
035 _a(BD-RjUL)70844
040 _aDLC
_cDLC
_dDLC
_dBD-RjUL
_beng
041 _aeng
082 0 0 _a515
_223
_bFOE 1973
100 1 _aFobes, Melcher P.
_9209052
245 1 0 _aElementary functions :
_bbackdrop for the calculus /
_c Melcher P. Fobes.
260 _aNew York :
_bMacmillan,
_c1973
300 _axv, 510 p. :
_bill. ;
_c24 cm.
500 _a"Preliminary edition, entitled Backdrop for the calculus, with the elementary functions, copyright c1970."
650 0 _aFunctions.
_9209053
740 _aBackdrop for the calculus.
942 _2ddc
_cBK
999 _c70630
_d70630